000 00622nam a2200217 a 4500
001 004273
003 BD-ChCU
008 Ben
020 _a
040 _aDLC
_cDLC
_dBD-ChCU
082 0 0 _a২০০.১/আ জ ধ
100 1 _aআজরফ, দেওয়ান মোহাম্মদ
_b-
245 1 0 _aধর্ম ও দর্শন
_b-
250 _a***
260 _aঢাকা
_bবাংলা একাডেমী
_c১৯৯১
300 _a**
504 _a- Biblio-
650 0 _aধর্ম-দর্শন
_bদর্শন এবং ধর্ম
700 1 _a-
942 _2ddc
_cBK
999 _c4273
_d4273